00366 a2200097 4500001001000000005001700010008004100027245009900068100002600167773007500193ART_4186720260410162023.0260409a 10aApuntes acerca de la potestad disciplinaria de la administración y el procedimiento sumarial1 aIvanega, Miriam Mabel0 tJurisprudencia ArgentinagDerecho administrativo (mayo 2006)wREV41622